000 00245nam a2200097Ia 4500
008 220204s9999 xx 000 0 und d
082 _a912(084.3)(548.3)
_bSTR
245 0 _aStreamlines maps of Kerala
260 _aCochin
_bStreamlines
942 _cBK
999 _c37684
_d37684